A-Z Images Ending in 'Y' Quiz Stats

 Plays Quiz Updated Nov 5, 2016

Score 0/25 Timer 05:00
4 Plays Today
% Correct
balcony
96.8%
strawberry
95.6%
galaxy
95.2%
celery
95%
turkey
94.2%
valley
92.8%
Kentucky
91.7%
ivory
89.5%
ferry
87.1%
Jeopardy!
85.6%
rosary
83.8%
holly
83.6%
wallaby
83.4%
% Correct
nativity
83.1%
anchovy
80.2%
Uruguay
79%
quarry
78.4%
mercury
69.8%
osprey
69.1%
poppy
68.6%
embroidery
54.9%
derby
51.8%
lamprey
38.2%
'Yesterday'
35.5%
Zippy
17.7%

You're not logged in!

Compare scores with friends on all Sporcle quizzes.
OR
Log In

Sporcle TV

Today on Sporcle TV


Watch our educational content, quiz creation guides, and fun videos on Sporcle TV.

Show Comments

Extras

Top Quizzes Today


Score Distribution

Your Account Isn't Verified!

In order to create a playlist on Sporcle, you need to verify the email address you used during registration. Go to your Sporcle Settings to finish the process.

Report this User

Report this user for behavior that violates our Community Guidelines.

Details: